Languages With Latin-Roots - Sudden Death - Statistics

General Stats
  • This quiz has been taken 153 times
  • The average score is 10 of 14
Answers on the Grid
Answers color-coded by a green-red scale on the quiz's grid according to % correct below.
Italian
French
Mandarin
Hebrew
Portuguese
Occitan
Polish
Turkish
Tamil
Catalan
Hindi
English
Romanian
Arabic
Korean
German
Kazakh
Urdu
Sardinian
Khmer
Yiddish
Spanish
Azerbaijani
Croatian
Romansh
Burmese
Cantonese
Asturian
Galego
Indonesian
 
Answer Stats
Answer % Correct
French
98%
Italian
98%
Portuguese
90%
Spanish
84%
Romanian
83%
Catalan
79%
Romansh
71%
Sardinian
67%
English
63%
Occitan
58%
Asturian
54%
Galego
52%
German
48%
Croatian
29%
No matching quizzes found
Score Distribution
Percent of People with Each Score
Percentile by Number Answered
Your Score History
You have not taken this quiz